000 00952nam a2200361Ia 4500
005 20260514124332.0
008 008 261405s9999 xx 000 0 eng d
037 _aThesis
040 _aCRL
040 _beng
040 _cCRL
041 _2eng
041 _aeng
084 _qCRL
100 _aTyagi Dr.Swati
_91239398
245 0 _aClinicopathological Study of Thrombocytopenia in Pregnancy and to Evaluate its Fetomaternal Outcome.
260 _aDelhi
260 _bUniversity of Delhi
260 _c2016
300 _a95p.
502 _bPh.D.
502 _cUniversity of Delhi
502 _d2016
541 _oThesis
650 _aObstetrics & Gynecology
700 _aDr.Abha Singh,
_91239399
700 _aDr.Anita Nangia
_91239400
700 _aDr.Prabha Lal
_91239401
700 _aDr.Sushma Nangia,
_91239402
710 _aObstetrics & Gynecology
_91239374
942 _cTH
999 _c1851683
_d1851683